Statistics for Longest Rivers

Click here to take the quiz!

General Stats

  • This quiz has been taken 40 times
  • The average score is 8 of 10

Answer Stats

ContinentLength (miles/km)River% Correct
Americas3,976 / 6400Amazon
100%
Africa4,132 / 6,650Nile
100%
Americas3,902 / 6,275Mississippi
97%
Asia3,395 / 5464Yellow
90%
Africa2,922 / 4,700Congo
86%
Asia3,917 / 6300Yangtze
86%
Asia3,364 / 5,410Ob
66%
Asia2,763 / 4,444Amur
55%
Asia3,445 / 5,539Yenisei
48%
Americas3,030 / 4,880Parana
41%

Score Distribution

Percentile by Number Answered

Percent of People with Each Score

Your Score History

You have not taken this quiz